[Event "ch-UKR b18"]
[Site "Kyiv UKR"]
[Date "2010.01.30"]
[Round "6"]
[White "Megur,V"]
[Black "Borisenko,V"]
[Result "1/2-1/2"]
[WhiteElo "2101"]
[BlackElo "2032"]

1.g3 d5 2.Nf3 c6 3.Bg2 Nf6 4.O-O Bf5 5.d3 e6 6.Be3 Bd6 7.c4 Nbd7 8.Qb3 Qc7
9.Nc3 Nc5 10.Bxc5 Bxc5 11.cxd5 exd5 12.e4 dxe4 13.Nxe4 Nxe4 14.dxe4 Be6 15.Qc3 Qb6
16.Qxg7 O-O-O 17.a3 Qb3 18.Rac1 Bb6 19.Qc3 Qa4 20.b4 Rhg8 21.Kh1 Qb5 22.Nh4 Rd3
23.a4 Qa6 24.b5 Rxc3 25.bxa6 Rxc1 26.Rxc1 Bxf2 27.e5 b6 28.Bxc6 Kb8 29.Kg2 Be3
30.Re1 Bc5 31.Rd1 Kc7 32.Bb5 h6 33.Nf3 Rg4 34.Ne1 Re4 35.Nd3 Re2+ 36.Kf3 Rxh2
37.Rc1 h5 38.Nxc5 bxc5 39.Rxc5+ Kd8 40.Bd3 h4 41.gxh4 Rh3+ 42.Ke2 Rxh4 43.Rb5 Bc4
44.Bxc4 Rxc4 45.Kd3 Rxa4 46.Rb7 Rxa6 47.Rxf7 Ra4 48.Rh7  1/2-1/2

[Event "8th Gibtelecom Masters"]
[Site "Caleta ENG"]
[Date "2010.01.31"]
[Round "6"]
[White "Matto,M"]
[Black "Hagen,Ande"]
[Result "1-0"]
[WhiteElo "1824"]
[BlackElo "2108"]

1.Nf3 d5 2.g3 Nf6 3.Bg2 Bf5 4.d3 e6 5.Nh4 Bg4 6.h3 Bh5 7.g4 Nfd7 8.Nf3 Bg6
9.Bf4 Be7 10.c3 c5 11.Na3 Nc6 12.Nb5 O-O 13.h4 h5 14.gxh5 Bxh5 15.Bg3 Qb6
16.a4 a6 17.Bc7 axb5 18.Bxb6 Nxb6 19.axb5 Rxa1 20.Qxa1 Ra8 21.Qb1 Ra5 22.bxc6  1-0

[Event "Open A"]
[Site "Moscow RUS"]
[Date "2010.01.31"]
[Round "2"]
[White "Andreikin,D"]
[Black "Bezgodov,A"]
[Result "1-0"]
[WhiteElo "2635"]
[BlackElo "2490"]

1.Nf3 d5 2.g3 c5 3.Bg2 Nc6 4.d4 e6 5.O-O Nf6 6.c4 Be7 7.cxd5 exd5 8.dxc5 Bxc5
9.Qc2 Be7 10.Rd1 O-O 11.Nc3 Bg4 12.a3 Rc8 13.Be3 Re8 14.Ng5 g6 15.Qb3 Na5
16.Qa2 Rxc3 17.bxc3 Qc7 18.Bxd5 Nxd5 19.Qxd5 Bxg5 20.Qxg5 Bxe2 21.Re1 Nb3
22.Rxe2 Nxa1 23.Qf6 Qd8 24.Bd4  1-0

[Event "ch-ROU m"]
[Site "Baile Olanesti ROU"]
[Date "2010.02.01"]
[Round "2"]
[White "Badea,B"]
[Black "Paval,G"]
[Result "1-0"]
[WhiteElo "2487"]
[BlackElo "2168"]

1.Nf3 d5 2.g3 Nf6 3.Bg2 c6 4.O-O Bg4 5.d4 Nbd7 6.Nbd2 e6 7.Re1 Be7 8.e4 dxe4
9.Nxe4 Nxe4 10.Rxe4 Bf5 11.Re1 O-O 12.c3 Qb6 13.Nd2 Rac8 14.Qb3 Rfe8 15.Nc4 Qa6
16.Ne3 Bg6 17.Bf1 Qb6 18.Nc4 Qxb3 19.axb3 a6 20.Bg2 b5 21.Na5 c5 22.Bc6 Red8
23.d5 Nf8 24.Nb7 Bc2 25.Nxd8 Rxd8 26.Rxa6 Bxb3 27.Ra8 Rxd5 28.Bxd5 Bxd5 29.Rb8 b4
30.cxb4 cxb4 31.Bd2 b3 32.Re8 Bd6 33.Rd8 Bc7 34.Rxd5 exd5 35.Re8 Bd6 36.Rd8 Be7
37.Rxd5 Ne6 38.Rb5  1-0

[Event "ch-ROU w"]
[Site "Baile Olanesti ROU"]
[Date "2010.02.02"]
[Round "3"]
[White "Foisor,C"]
[Black "Anusca,M"]
[Result "1-0"]
[WhiteElo "2440"]
[BlackElo "2024"]

1.Nf3 d5 2.g3 Nf6 3.Bg2 Nbd7 4.O-O c6 5.b3 e6 6.Bb2 Bd6 7.c4 O-O 8.Qc2 Qe7
9.d3 e5 10.a3 a5 11.cxd5 cxd5 12.Nc3 Nc5 13.Nb5 Bb8 14.Rac1 b6 15.d4 exd4
16.Bxd4 Nfe4 17.Qb2 f6 18.Rfd1 Ba6 19.a4 Rd8 20.e3 Qe8 21.Bf1 Bc8 22.Ne1 Bb7
23.Bg2 Bc6 24.Nc3 Be5 25.Nf3 Bxd4 26.Nxd4 Bb7 27.Ndb5 Qe7 28.b4 axb4 29.Qxb4 Bc6
30.Nd4 Bxa4 31.Nxa4 Rxa4 32.Qxb6 Ra6 33.Qb5 Qd6 34.Nf5 Qb6 35.Qxb6 Rxb6 36.Rxd5 Rxd5
37.Ne7+ Kf7 38.Nxd5 Rd6 39.Nf4 g5 40.f3 gxf4 41.gxf4 f5 42.fxe4 Nxe4 43.Bxe4 fxe4
44.Rc7+ Kg6 45.Re7 Kf5 46.Kf2 h5 47.Kg3 Rd5 48.Kh4 Rd2 49.Re5+ Kg6 50.h3 Rd6
51.Rxe4 Rd5 52.Re6+  1-0

[Event "ch-ROU m"]
[Site "Baile Olanesti ROU"]
[Date "2010.02.02"]
[Round "3"]
[White "Nemes,S"]
[Black "Tomici,S"]
[Result "1-0"]
[WhiteElo "2254"]
[BlackElo "1935"]

1.Nf3 d5 2.g3 c5 3.Bg2 Nc6 4.d3 e5 5.O-O Nf6 6.Nbd2 Bd6 7.e4 d4 8.Nc4 Be6
9.Nxd6+ Qxd6 10.h3 Nd7 11.Ne1 O-O-O 12.Bd2 Kb8 13.f4 f6 14.Nf3 c4 15.Qe2 cxd3
16.cxd3 h6 17.Ne1 g5 18.Nc2 gxf4 19.gxf4 Rdg8 20.f5 Bf7 21.b4 Rg3 22.Kh2 Rhg8
23.Bf3 Nb6 24.Bg4 R3xg4 25.hxg4 Nc4 26.b5 Nd8 27.Bb4 Qc7 28.a4 h5 29.Rfc1 Rxg4
30.Na3 Bg8 31.Nxc4 Qg7 32.Qf2 Nc6 33.bxc6 Qg5 34.c7+ Kxc7 35.Nxe5+ Kb6 36.Nd7+  1-0

[Event "ch-UKR g18"]
[Site "Kyiv UKR"]
[Date "2010.02.02"]
[Round "10"]
[White "Petrova,I"]
[Black "Feduk,Iv"]
[Result "1-0"]
[WhiteElo "1987"]
[BlackElo "1941"]

1.Nf3 d5 2.g3 Bf5 3.Bg2 e6 4.O-O Nf6 5.c4 c6 6.b3 Nbd7 7.Bb2 Bd6 8.d3 O-O
9.Nbd2 h6 10.Re1 Bh7 11.e4 dxe4 12.dxe4 e5 13.Nh4 Nc5 14.Qe2 Nfd7 15.Rad1 Be7
16.Nf5 Bxf5 17.exf5 f6 18.Nf3 Qe8 19.Nh4 Rf7 20.Bf3 Qc8 21.Bh5 Rf8 22.Bc1 e4
23.Bxh6 Ne5 24.Be3 Ncd3 25.Ng6 Bb4 26.c5 Re8 27.Rf1 Qxf5 28.Nh4 Qh3 29.Bxe8 Rxe8
30.Bd4 g5 31.Bxe5 Nxe5 32.f4 Bxc5+ 33.Kh1 Ng4 34.fxg5 Ne5 35.Qh5 Nf7 36.Rxf6  1-0

[Event "ch-ROU w"]
[Site "Baile Olanesti ROU"]
[Date "2010.02.03"]
[Round "5"]
[White "Morea,G"]
[Black "Anton,R"]
[Result "1-0"]
[WhiteElo "1810"]
[BlackElo "1774"]

1.Nf3 d5 2.g3 c6 3.Bg2 Bg4 4.O-O Nd7 5.d3 Ngf6 6.Nbd2 e5 7.e4 d4 8.Qe1 Bd6
9.Nc4 Bc7 10.Nh4 b5 11.Nd2 O-O 12.f4 exf4 13.gxf4 Nb6 14.Nb3 Rc8 15.Qf2 Na4
16.Nf3 c5 17.h3 Bh5 18.Qh4 g6 19.f5 Nd7 20.f6 Ne5 21.Bf4 Re8 22.Nh2 Qd7 23.Qg5 Qe6
24.Rf2 Bd8 25.Bg3 Rc6 26.Raf1 Nd7 27.e5  1-0

[Event "8th Gibtelecom Masters"]
[Site "Caleta ENG"]
[Date "2010.02.03"]
[Round "9"]
[White "Chapman,T"]
[Black "Zaremba,An"]
[Result "0-1"]
[WhiteElo "2221"]
[BlackElo "2360"]

1.Nf3 d5 2.g3 Nf6 3.Bg2 c6 4.O-O Bf5 5.d3 Nbd7 6.Nbd2 e5 7.e4 dxe4 8.dxe4 Be6
9.Qe2 Ng4 10.h3 Ngf6 11.b3 Qc7 12.a4 Bb4 13.Bb2 O-O 14.Nc4 Bxc4 15.Qxc4 a5
16.Kh1 Rfe8 17.Nh4 g6 18.Rad1 Rad8 19.Qe2 Nf8 20.Qe3 Ne6 21.f4 Rxd1 22.Rxd1 exf4
23.gxf4 Nh5 24.Be5 Qe7 25.Nf5 gxf5 26.Bf3 Qh4 27.Bxh5 Qxh5 28.Rg1+ Kf8 29.Qg3 fxe4
30.f5 Qf3+ 31.Qxf3 exf3 32.fxe6 Rxe6 33.Bg7+ Ke7 34.Rf1 Re1 35.Rxe1+ Bxe1
36.Kg1 b5 37.Kf1 f2 38.Bd4 Ke6 39.c3 bxa4 40.bxa4 Kd5  0-1

[Event "2nd Chennai Open"]
[Site "Chennai IND"]
[Date "2010.02.03"]
[Round "11"]
[White "Vijayalakshmi,S"]
[Black "Murali Krishnan,B"]
[Result "1-0"]
[WhiteElo "2464"]
[BlackElo "2385"]

1.Nf3 d5 2.g3 c5 3.Bg2 Nc6 4.d4 e6 5.O-O Nf6 6.c4 dxc4 7.Qa4 Bd7 8.Qxc4 Qb6
9.dxc5 Qxc5 10.Qb3 Qb4 11.Qd1 Be7 12.a3 Qb6 13.Nc3 O-O 14.b4 Rac8 15.Be3 Qd8
16.Qb3 e5 17.Rfd1 Be6 18.Qb2 Qc7 19.Rac1 Ng4 20.Nb5 Qb8 21.Bc5 f6 22.Bh3 Bxc5
23.bxc5 Rce8 24.Nd6 Re7 25.Nh4 f5 26.Nf3 Kh8 27.Bxg4 fxg4 28.Nxe5 Qc7 29.Nd3 Na5
30.Nf4 Bg8 31.Nd5 Bxd5 32.Rxd5 Nc6 33.Rc4 Qa5 34.Qd2 Qxa3 35.Rxg4 a5 36.Rh5 Qb3
37.Rgh4 g6 38.Rg5 a4 39.Rgg4 a3 40.Ra4 Qb2 41.Qh6 Kg8 42.Rhf4 Rd8 43.Qg5 Qb3
44.Nf5 Re6 45.Nh6+ Kg7 46.Rf7+ Kh8 47.Raf4 Qd1+ 48.Kg2 Qd5+ 49.Qxd5 Rxd5
50.Rxb7 Re8 51.Rff7  1-0

[Event "Bundesliga 2009-10"]
[Site "Berlin GER"]
[Date "2010.02.06"]
[Round "8"]
[White "Thiede,L"]
[Black "Schlosser,P"]
[Result "0-1"]
[WhiteElo "2450"]
[BlackElo "2555"]

1.g3 d5 2.Nf3 g6 3.Bg2 Bg7 4.O-O Nf6 5.d3 O-O 6.Nbd2 d4 7.Nb3 Nc6 8.Bd2 e5
9.c3 dxc3 10.Bxc3 Nd5 11.Bd2 b6 12.Rc1 Bb7 13.Rc4 a5 14.a3 Qd7 15.Ng5 a4
16.Nc1 h6 17.Ne4 Nd4 18.e3 Ne6 19.b4 f5 20.Nc3 Nxc3 21.Rxc3 Bxg2 22.Kxg2 f4
23.exf4 exf4 24.Rc4 f3+ 25.Kh1 Nd4 26.Be3 b5 27.Rc5 Rae8 28.Rg1 c6 29.Qd2 Nf5
30.d4 Nxe3 31.fxe3 f2 32.Rf1 Qh3 33.Rxf2 Rxf2 34.Qxf2 Rf8 35.Qg1 Rf1 36.Rxc6 Qf5
37.Kg2 Qf3+  0-1

[Event "TCh-NED 2009-10"]
[Site "Netherlands NED"]
[Date "2010.02.06"]
[Round "6"]
[White "Motwani,P"]
[Black "Krudde,F"]
[Result "1-0"]
[WhiteElo "2497"]
[BlackElo "2320"]

1.g3 d5 2.Nf3 c6 3.Bg2 Nf6 4.O-O Bg4 5.d4 Bxf3 6.Bxf3 e6 7.Nd2 Nbd7 8.c4 Be7
9.e4 dxe4 10.Nxe4 Nxe4 11.Bxe4 Nf6 12.Bf3 O-O 13.Be3 Qc7 14.Qb3 Rfd8 15.Rfd1 Rd7
16.Rac1 Rad8 17.d5 exd5 18.cxd5 c5 19.Qc4 b6 20.b4 Rc8 21.Bf4 Bd6 22.Bg5 Re8
23.Bxf6 gxf6 24.Qg4+ Kf8 25.Qf5 Be5 26.Bg4 Rd6 27.f4 Bb2 28.Rc2 Ba3 29.Qxh7 Re3
30.Kf2 Qe7 31.Qh8+  1-0

[Event "TCh-NED 2009-10"]
[Site "Netherlands NED"]
[Date "2010.02.06"]
[Round "6"]
[White "Vogel,Ja"]
[Black "Spoelman,W"]
[Result "0-1"]
[WhiteElo "2213"]
[BlackElo "2554"]

1.Nf3 d5 2.g3 Nf6 3.Bg2 c6 4.b3 Bf5 5.Bb2 e6 6.d3 h6 7.Nbd2 Nbd7 8.O-O Be7
9.e4 dxe4 10.dxe4 Bh7 11.Qe2 O-O 12.e5 Nd5 13.Ne4 Nc5 14.Nfd2 b5 15.Nxc5 Bxc5
16.Ne4 Qb6 17.c4 bxc4 18.Qxc4 Be7 19.Bd4 Qc7 20.Nc5 Rfd8 21.Rac1 a5 22.a3 Qc8
23.Rfd1 Bf5 24.h3 Rb8 25.Na6 Rb5 26.Bc5 Bg5 27.f4 Bxf4 28.gxf4 Qxa6 29.a4 Rb6
30.Bxb6 Qxb6+ 31.Kh1 Rb8  0-1

[Event "15th HIT Open A"]
[Site "Nova Gorica SLO"]
[Date "2010.02.06"]
[Round "9"]
[White "Srebrnic,M"]
[Black "Sivic,J"]
[Result "1-0"]
[WhiteElo "2322"]
[BlackElo "2062"]

1.Nf3 d5 2.g3 Nf6 3.Bg2 c6 4.O-O Bg4 5.d4 Qc8 6.Re1 Bh3 7.Bh1 h6 8.c4 e6
9.Nc3 Be7 10.b3 O-O 11.Bb2 Nbd7 12.e4 Nxe4 13.Nxe4 dxe4 14.Rxe4 Bf6 15.Qd2 Bf5
16.Ree1 Qc7 17.Rad1 Rfd8 18.Qe2 Qa5 19.Ba1 Bg4 20.Bg2 Qh5 21.Rd3 Bh3 22.Bh1 Bg4
23.Bg2 Bh3 24.Bxh3 Qxh3 25.Red1 Qf5 26.Bc3 g5 27.Ne1 Nf8 28.Ng2 Rd7 29.Ne3 Qe4
30.f3 Qg6 31.Ng4 Bg7 32.Ne5 Bxe5 33.Qxe5 Qf5 34.Qxf5 exf5 35.d5 cxd5 36.Rxd5 Rad8
37.Kf2 Rxd5 38.Rxd5 Rxd5 39.cxd5 Nd7 40.Ke3 f6 41.g4 Kf7 42.gxf5 Ke7 43.Bb4+ Kd8
44.Bd6 Nb6 45.Ke4 a6 46.a4 h5 47.Bb4 Nd7 48.Ba5+ Ke7 49.Bc7 Ke8 50.h3 Ke7
51.Bg3 Nf8 52.Be1 Nd7 53.Bb4+ Kd8 54.Bd6 Nb6 55.Kd4 Nd7 56.b4 Nb6 57.a5 Nd7
58.Kc4 Ke8 59.b5 Kd8 60.bxa6 bxa6 61.Bh2 Ke7 62.d6+ Kd8 63.Kd5 Nf8 64.Kc6 Kc8
65.Bg1 Nd7 66.Bd4 Nb8+ 67.Kb6 Kd7 68.Bxf6 Kxd6 69.Bxg5 Nc6 70.Kxa6 Kc7 71.f6 Nd8
72.Kb5 Nf7 73.Bf4+ Kb7 74.Kc5  1-0

[Event "TCh-Eur Seniors"]
[Site "Dresden GER"]
[Date "2010.02.10"]
[Round "1"]
[White "Clemens,C"]
[Black "Feller,J"]
[Result "1-0"]
[WhiteElo "2314"]
[BlackElo "2212"]

1.g3 d5 2.Nf3 c6 3.Bg2 Bg4 4.c4 dxc4 5.Na3 Nd7 6.Nxc4 Ngf6 7.d4 e6 8.Qb3 Nb6
9.Nfe5 Nxc4 10.Qxc4 Bf5 11.Nxc6 Rc8 12.Nxd8 Rxc4 13.Nxb7 Bb4+ 14.Kf1 Rxd4
15.Be3 Rc4 16.a3 Be7 17.Na5 Rc7 18.Nc6 Nd5 19.Bxd5 exd5 20.Nxe7 Bh3+ 21.Ke1 Kxe7
22.b4 Bd7 23.Bc5+ Ke6 24.Kd2 Bb5 25.Rhe1 f5 26.f3 Rd7 27.e3 Rc8 28.Kc3 a6
29.Kd4 g6 30.Ra2 Ba4 31.Rg2 h5 32.h3 Rf7 33.Reg1 Bc6 34.h4 Rh8 35.Rh2 Rfh7
36.Rc1 Rc8 37.Bb6 Rb7 38.Ba5 Kd6 39.Rhc2 Rb5 40.a4 Rbb8 41.Rc5 Kd7 42.R1c3 Rb7
43.Rc2 Rbb8 44.Rc1 Rb7 45.Rg1 Re8 46.Rb1 Reb8 47.Rb3 Bxa4 48.Rbc3 Bb5 49.Kxd5 Ke7
50.Bc7 Re8 51.f4 Kf7 52.Bd6 Rd7 53.Rc7 Rd8 54.Rxd7+ Rxd7 55.Rc8 Ba4 56.Kc5 Bb5
57.Rh8 Ke6 58.Rh6 Kf7 59.Be5 Rd8 60.Rh7+ Ke6 61.Rg7 Be8  1-0

[Event "TCh-Eur Seniors"]
[Site "Dresden GER"]
[Date "2010.02.11"]
[Round "2"]
[White "Warnke,E"]
[Black "Neumann,Ho"]
[Result "1/2-1/2"]
[WhiteElo "1821"]
[BlackElo "1982"]

1.Nf3 d5 2.g3 c5 3.Bg2 Nc6 4.O-O Nf6 5.d3 e5 6.Nbd2 Be7 7.c4 d4 8.a3 O-O
9.Qc2 h6 10.h3 Nh7 11.Ne1 Bd7 12.Ndf3 f5 13.Nh2 Qc8 14.f4 Bd6 15.h4 Nf6 16.e3 exf4
17.exf4 Re8 18.Nef3 Re7 19.Qf2 Qe8 20.Re1 Ng4 21.Nxg4 fxg4 22.Rxe7 Qxe7 23.Ne1 Re8
24.Bd2 Qe2 25.Bf1 Qxf2+ 26.Kxf2 Ne7 27.Bg2 Bc6  1/2-1/2

[Event "TCh-Eur Seniors"]
[Site "Dresden GER"]
[Date "2010.02.12"]
[Round "3"]
[White "Pitzl,K"]
[Black "Schroeder,Christi"]
[Result "1/2-1/2"]
[WhiteElo "2108"]
[BlackElo "2071"]

1.Nf3 d5 2.g3 c5 3.Bg2 Nc6 4.O-O Nf6 5.d3 e5 6.c4 d4 7.e3 Be7 8.exd4 exd4
9.h3 h6 10.a3 O-O 11.Bf4 Bf5 12.Ne5 Nxe5 13.Bxe5 Qb6 14.Qc2 Nd7 15.Bf4 g5
16.Bc1 Ne5 17.Rd1 Qg6 18.Qe2 Bd6 19.Be4 Bxe4 20.dxe4 Qe6 21.Qh5 Nxc4 22.Nd2 Ne5
23.f4 gxf4 24.gxf4 Nd3 25.e5 Nxf4 26.Qg4+ Qxg4+ 27.hxg4 Bxe5 28.Nf3 Bc7 29.Nh4 Kh7
30.Kf2 Rae8 31.Nf5 Re6 32.Kf3 Nd5 33.Rh1 Ne3 34.Bxe3 dxe3 35.Nxe3 Rd8 36.Rad1 Rxd1
37.Rxd1 Rd6 38.Rh1 Rg6 39.Rd1 Rd6 40.Rh1 Rd4 41.Nf5 Rf4+ 42.Ke3 Rxg4 43.Nxh6 Rg3+
44.Kf2 Kg6 45.Ng8 Rb3 46.Ne7+ Kg7 47.Rg1+ Kf8 48.Nf5 Rxb2+ 49.Kf3 c4 50.Rd1 Rb3+
51.Ke4 Rd3 52.Rh1 Ke8 53.Rh8+ Kd7 54.Rh7 Kc6 55.Rxf7 Rxa3 56.Nd4+ Kb6 57.Rxc7 Rc3
58.Kd5  1/2-1/2

[Event "TCh-Eur Seniors"]
[Site "Dresden GER"]
[Date "2010.02.13"]
[Round "4"]
[White "Warnke,E"]
[Black "Groschup,G"]
[Result "1/2-1/2"]
[WhiteElo "1821"]
[BlackElo "1992"]

1.Nf3 d5 2.g3 Nf6 3.Bg2 g6 4.d4 Bg7 5.O-O O-O 6.Nbd2 Nbd7 7.c4 e6 8.e3 b6
9.b3 Bb7 10.Bb2 Re8 11.Re1 Rc8 12.Rc1 Bf8 13.Qe2 c6 14.cxd5 exd5 15.Qd3 Ne4
16.Re2 Bd6 17.Nf1 Rc7 18.Rec2 Nb8 19.Qd1 f6 20.N1d2 Nd7 21.Nxe4 dxe4 22.Nd2 f5
23.Nc4 Bf8 24.d5  1/2-1/2

[Event "TCh-Eur Seniors"]
[Site "Dresden GER"]
[Date "2010.02.13"]
[Round "4"]
[White "Clemens,C"]
[Black "Pacl,V"]
[Result "1/2-1/2"]
[WhiteElo "2314"]
[BlackElo "2275"]

1.g3 d5 2.Nf3 c6 3.Bg2 Nf6 4.c4 Bf5 5.b3 e6 6.O-O Nbd7 7.Bb2 Bc5 8.d3 h6
9.Nbd2 O-O 10.a3 a5 11.Qc2 Bh7 12.Bc3 Qe7 13.Qb2 e5 14.Nxe5 d4 15.Nxc6 bxc6
16.Bxd4 Bxd4 17.Qxd4 Qxe2 18.Ne4 Rfd8 19.Rfe1 Qc2 20.Rec1 Qe2 21.Re1 Qh5
22.Rad1 Rab8 23.Qc3 Nxe4 24.dxe4 Qe5 25.Qe3 Qe7 26.Qa7 Qe6 27.Qxa5 Rdc8 28.Qa7 Nf8
29.Re3  1/2-1/2

[Event "Uxbridge Int Tal"]
[Site "Uxbridge ENG"]
[Date "2010.02.13"]
[Round "1"]
[White "Turner,David"]
[Black "Peat,M"]
[Result "0-1"]
[WhiteElo "1839"]
[BlackElo "2067"]

1.Nf3 d5 2.g3 c6 3.Bg2 Bf5 4.d3 e6 5.Nbd2 Nf6 6.O-O h6 7.Qe1 Qc7 8.b3 a5
9.a4 Be7 10.Bb2 O-O 11.Rc1 Na6 12.h3 Bh7 13.e3 b5 14.axb5 cxb5 15.Qe2 Nb4
16.Nd4 Qb6 17.e4 Rac8 18.c3 Na2 19.Rc2 b4 20.Nb1 Nxc3 21.Nxc3 bxc3 22.Rxc3 Bb4
23.Rc2 Bc5 24.Rfc1 Rc7 25.e5 Nd7 26.Bxd5 exd5 27.e6 Nf6 28.exf7+ Rfxf7 29.Qe6 Bxd4
30.Rc6 Bxf2+ 31.Kg2 Qe3 32.Be5 Bxg3 33.Bxg3 Qxe6 34.Rxe6 Rxc1 35.d4 Be4+
36.Kh2 Rc2+ 37.Kg1 Rg2+  0-1

[Event "TCh-Eur Seniors"]
[Site "Dresden GER"]
[Date "2010.02.14"]
[Round "5"]
[White "Henrichsen,J"]
[Black "Juergens,P2"]
[Result "1/2-1/2"]
[WhiteElo "1974"]
[BlackElo "2014"]

1.Nf3 d5 2.g3 Nf6 3.Bg2 e6 4.O-O Be7 5.d3 O-O 6.Nbd2 c5 7.b3 Nc6 8.Bb2 b5
9.c4 bxc4 10.dxc4 Bb7 11.cxd5 exd5 12.e3 Qb6 13.Ne5 Nxe5 14.Bxe5 Rfd8 15.Rc1 Rac8
16.Re1  1/2-1/2

[Event "TCh-Eur Seniors"]
[Site "Dresden GER"]
[Date "2010.02.14"]
[Round "5"]
[White "Warnke,E"]
[Black "Rozov,B"]
[Result "1/2-1/2"]
[WhiteElo "1821"]
[BlackElo "2174"]

1.Nf3 d5 2.g3 Bf5 3.Bg2 e6 4.O-O Nf6 5.d3 Be7 6.Nbd2 O-O 7.Re1 c5 8.e4 dxe4
9.dxe4 Bg4 10.h3 Bh5 11.Qe2 Nc6 12.c3 Bg6 13.Nh4 Qc7 14.Nxg6 hxg6 15.Nf1 Rad8
16.Be3 Qa5 17.a3 Qa4 18.f3  1/2-1/2

[Event "TCh-Eur Seniors"]
[Site "Dresden GER"]
[Date "2010.02.14"]
[Round "5"]
[White "Blaeser,R"]
[Black "Schwier,M"]
[Result "1-0"]
[WhiteElo "2163"]
[BlackElo "2165"]

1.Nf3 d5 2.g3 Nf6 3.c4 e6 4.Bg2 Be7 5.O-O O-O 6.b3 Nbd7 7.d4 c6 8.Nbd2 b6
9.Qc2 Bb7 10.Bb2 Rc8 11.Rac1 h6 12.Ne5 c5 13.Rfd1 cxd4 14.Nxd7 Qxd7 15.Nf3 b5
16.Bxd4 bxc4 17.Ne5 Qb5 18.bxc4 Qa6 19.Rb1 Ba8 20.c5 Rc7 21.Rdc1 Qc8 22.Rb3 Nd7
23.Rc3 Nb8 24.e3 Re8 25.Bf1 f6 26.Ng4 Bf8 27.Qg6 Kh8 28.Bd3 f5 29.Nxh6 Nd7
30.Nf7+  1-0

[Event "TCh-Eur Seniors"]
[Site "Dresden GER"]
[Date "2010.02.14"]
[Round "5"]
[White "Weiss,W"]
[Black "Rodriguez Vargas,O"]
[Result "0-1"]
[WhiteElo "2199"]
[BlackElo "2423"]

1.Nf3 d5 2.g3 c6 3.Bg2 Bg4 4.O-O Nd7 5.d3 Ngf6 6.Nbd2 e5 7.e4 Bd6 8.Qe1 O-O
9.h3 Bh5 10.Nh4 Re8 11.Nf5 Bf8 12.g4 Bg6 13.Qe2 Nc5 14.Re1 dxe4 15.dxe4 Ne6
16.Bf1 h5 17.Nb3 hxg4 18.hxg4 a5 19.a4 Nh7 20.Rd1 Qf6 21.Qf3 Kh8 22.Rd7 b6
23.Be3 c5 24.Qg3 Nhg5 25.Qh2+ Kg8 26.Bg2 Rad8 27.Rd5 Rxd5 28.exd5 Bxf5 29.gxf5 Nf4
30.Bxf4 exf4 31.Qxf4 Re4 32.Qd2 Rg4 33.Kf1 c4 34.Nc1 Qxf5 35.d6 Rxg2 36.Kxg2 Qh3+  0-1

[Event "TCh-Eur Seniors"]
[Site "Dresden GER"]
[Date "2010.02.15"]
[Round "6"]
[White "Sorensen,B"]
[Black "Kahn,P"]
[Result "1/2-1/2"]
[WhiteElo "2240"]
[BlackElo "2075"]

1.Nf3 d5 2.g3 Nf6 3.Bg2 c6 4.O-O Bg4 5.b3 Nbd7 6.Bb2 Qc7 7.d3 e5 8.Nbd2 Be7
9.h3 Bxf3 10.Nxf3 O-O 11.c4 dxc4 12.bxc4 e4 13.Nh4 exd3 14.Nf5 Rfe8 15.exd3 Bf8
16.d4 g6 17.Ne3 Bg7 18.Qd3 Rad8 19.Rad1 Nc5 20.Qc2 Nce4 21.Rfe1 Nd6 22.Qb3 Rd7
23.c5 Nc8 24.Re2 Rde7 25.d5 Nxd5 26.Bxd5 Bxb2 27.Rxb2 cxd5 28.Nxd5 Re1+ 29.Kh2 Qc6
30.Rxe1 Rxe1 31.Qxb7 Qxc5 32.Ne3 Nd6 33.Qe7 Qc6 34.Rb8+ Nc8 35.Qd8+ Kg7 36.Qd4+ f6
37.Qd5 Qxd5 38.Nxd5 Nd6 39.Ra8 Ne4 40.Rxa7+ Kh6 41.Kg2 f5 42.Nf4 Rd1 43.h4 Rd2
44.Nh3 g5 45.hxg5+ Nxg5 46.Ra6+ Kh5 47.Nf4+ Kg4 48.Rh6 Ne4 49.Nh3 Nxg3 50.Rxh7 Nh5
51.a4 Ra2 52.a5  1/2-1/2

[Event "Jerry Hanken Winter FIDE Open"]
[Site "Stillwater USA"]
[Date "2010.02.15"]
[Round "7"]
[White "Hughes,D"]
[Black "Zelnick,D"]
[Result "1/2-1/2"]
[WhiteElo "2052"]
[BlackElo "2012"]

1.Nf3 d5 2.g3 e6 3.Bg2 c5 4.O-O Nf6 5.c4 Nc6 6.cxd5 exd5 7.d4 Be7 8.dxc5 Bxc5
9.Bg5 Be6 10.Nc3 O-O 11.Rc1 Be7 12.Nd4 Qb6 13.Nxe6 fxe6 14.Bh3 Ne5 15.Bf4 Ng6
16.Be3 Qa6 17.Qb3 Rfc8 18.Nb5 Ne8 19.Nd4 Nf8 20.Bxe6+ Nxe6 21.Qxd5 Kf7 22.Rxc8 Rxc8
23.f4 Nf6 24.Qb3 Qc4 25.Nxe6 Qxe6 26.Qxe6+ Kxe6 27.Bxa7 Rc2 28.Bd4 Rxe2 29.Rf2 Rxf2
30.Kxf2 Kd5 31.Bb6 Bc5+ 32.Bxc5 Kxc5 33.Kf3 Kd4 34.g4 Kd3 35.f5 Kc2 36.g5 Ng8
37.Ke4 Kxb2 38.Kd5 Kxa2 39.Ke6 b5 40.Kf7 b4 41.Kxg8 b3 42.f6 b2 43.f7 b1=Q
44.f8=Q Qc2 45.Qxg7 Qxh2 46.Qa7+ Kb2 47.Qd4+ Ka2 48.Qd5+ Kb2 49.Qb7+ Ka2
50.Qa7+ Kb2 51.Qxh7 Qb8+ 52.Kg7 Qc7+ 53.Kh8 Qb8+ 54.Qg8 Qh2+ 55.Kg7 Qe5+
56.Kg6 Qe4+ 57.Kf6 Qf4+ 58.Ke7 Qc7+ 59.Kf6  1/2-1/2

[Event "Uxbridge Int Alekhine"]
[Site "Uxbridge ENG"]
[Date "2010.02.15"]
[Round "5"]
[White "Shoker,S"]
[Black "Richter Becerra,H"]
[Result "1-0"]
[WhiteElo "2485"]
[BlackElo "2165"]

1.Nf3 d5 2.g3 Nf6 3.Bg2 c6 4.O-O Bg4 5.d3 Nbd7 6.Nbd2 e5 7.e4 dxe4 8.dxe4 Bc5
9.h3 Bh5 10.Qe1 O-O 11.a4 a5 12.Nb3 Bb6 13.Nfd2 Nc5 14.Kh1 Nxb3 15.Nxb3 Nd7
16.f4 f6 17.Nd2 Bf7 18.f5 Qe7 19.g4 Qc5 20.c3 Qe3 21.Qh4 Qe2 22.Bf3 Qd3 23.Bd1 Nc5
24.Rf3 Qd6 25.Bc2 h6 26.Qe1 Rfd8 27.h4 Kf8 28.Qf1 Qe7 29.Nc4 Bc7 30.g5 hxg5
31.hxg5 Ke8 32.g6 Bxc4 33.Qxc4 Kd7 34.b4 Rh8+ 35.Kg2 axb4 36.cxb4 Nxa4 37.Rxa4 Rxa4
38.Bxa4 b5 39.Bxb5 cxb5 40.Qxb5+ Kc8 41.Qa6+ Kd7 42.Rd3+ Bd6 43.Qb7+  1-0

[Event "Uxbridge Int Petrosian"]
[Site "Uxbridge ENG"]
[Date "2010.02.15"]
[Round "5"]
[White "De Coverly,R"]
[Black "Jain,R"]
[Result "1-0"]
[WhiteElo "2109"]
[BlackElo "1879"]

1.Nf3 d5 2.g3 Nf6 3.Bg2 c6 4.c4 e6 5.O-O Nbd7 6.d4 Bd6 7.Nbd2 O-O 8.Qc2 Re8
9.e4 dxe4 10.Nxe4 Nxe4 11.Qxe4 e5 12.Re1 Nf6 13.Qh4 e4 14.Ng5 Bb4 15.Rxe4 Rxe4
16.Nxe4 Be7 17.Bg5 Qxd4 18.Nxf6+ Bxf6 19.Qxd4 Bxd4 20.Rd1 Bb6 21.c5 Bg4 22.Rd4 Bxc5
23.Rxg4 Re8 24.Re4  1-0

[Event "Cotroceni Women"]
[Site "Bucharest ROU"]
[Date "2010.02.16"]
[Round "7"]
[White "Foisor,C"]
[Black "Repkova,E"]
[Result "1-0"]
[WhiteElo "2440"]
[BlackElo "2434"]

1.Nf3 d5 2.g3 e6 3.Bg2 Nf6 4.O-O Be7 5.d4 O-O 6.c4 dxc4 7.Qc2 a6 8.a4 Nc6
9.Qxc4 Qd5 10.Qxd5 exd5 11.Bf4 Na5 12.Nbd2 c6 13.Bc7 Bb4 14.Bxa5 Bxa5 15.Nb3 Bc7
16.a5 Ne4 17.Ne5 Re8 18.Nd3 Nd6 19.e3 Nc4 20.Rfc1 Rb8 21.Ndc5 Nxb2 22.Bf1 h5
23.Nd2 h4 24.Ra2 Nc4 25.Nxc4 dxc4 26.Bxc4 hxg3 27.hxg3 g6 28.Kg2 Kg7 29.Rh1 Bf5
30.Bxf7 Re7 31.Bc4 Bd6 32.Be2 Rf8 33.Rc1 Bxc5 34.Rxc5 Be4+ 35.f3 Bd5 36.Ra3 Ref7
37.Rc2 Bxf3+ 38.Bxf3 Rxf3 39.Rb2 R3f7 40.Rab3 Re8 41.Rxb7 Rxe3 42.Rxf7+ Kxf7
43.Rb6 Rd3 44.Rxa6 Rxd4 45.Rxc6 Ra4 46.a6 Kg7 47.Rc7+ Kh6 48.a7 Kg5 49.Kf3 Kf5
50.Ke3 Ra3+ 51.Kd4 Kg4 52.Kc4 Kxg3 53.Kb4 Ra6 54.Rc3+ Kf4 55.Ra3 Rxa7 56.Rxa7 g5
57.Kc3 g4 58.Kd2 Kf3  1-0

[Event "Uxbridge Int Alekhine"]
[Site "Uxbridge ENG"]
[Date "2010.02.16"]
[Round "7"]
[White "Shoker,S"]
[Black "Seyfried,C"]
[Result "1-0"]
[WhiteElo "2485"]
[BlackElo "2067"]

1.Nf3 d5 2.g3 Bg4 3.Bg2 c6 4.O-O Nd7 5.d3 Ngf6 6.Nbd2 e5 7.e4 Bd6 8.h3 Bh5
9.Qe1 O-O 10.Nh4 Nc5 11.Nf5 Bg6 12.Nxd6 Qxd6 13.b3 b5 14.Ba3 dxe4 15.Nxe4 Nfxe4
16.dxe4 a5 17.Rd1 Qe7 18.Qe3 b4 19.Bb2 a4 20.Rb1 f6 21.h4 Rfd8 22.Rfe1 a3
23.Bc1 Rd4 24.f3 Rad8 25.Qf2 Ne6 26.Be3 R4d6 27.Rbc1 Qb7 28.Bf1 Kh8 29.Bc4 Nd4
30.c3 bxc3 31.Rxc3 f5 32.exf5 Bxf5 33.Bg5 Re8 34.Rce3 h6 35.Bf4 c5 36.h5 Rf8
37.Bxe5 Rd7 38.Bf4 Qa8 39.Rc3 Qa5 40.Ree3 Nb5 41.Rc1 Nd4 42.g4 Bh7 43.Be5 Qd8
44.Bf1 Rd5 45.Bg2 Qg5 46.f4 Qxg4 47.Rf1 Rd7 48.Kh2 Nf5 49.Rh3 Nd4 50.b4 Nc6
51.Bxc6  1-0

[Event "BSF 75th Ann."]
[Site "Bronshoj DEN"]
[Date "2010.02.17"]
[Round "4"]
[White "Danielsen,Hen"]
[Black "Nielsen,LA"]
[Result "1-0"]
[WhiteElo "2495"]
[BlackElo "2248"]

1.g3 d5 2.Nf3 Nf6 3.Bg2 c6 4.O-O g6 5.d3 Bg7 6.Nbd2 O-O 7.e4 dxe4 8.dxe4 Qc7
9.a4 b6 10.Re1 e5 11.b3 Ba6 12.Bb2 Re8 13.Bf1 Bxf1 14.Kxf1 Nbd7 15.Qe2 a6
16.b4 b5 17.c4 bxa4 18.Rxa4 c5 19.b5 axb5 20.Rxa8 Rxa8 21.cxb5 Ne8 22.Nc4 Rb8
23.Rd1 Rxb5 24.Bxe5 Nxe5 25.Ncxe5 Qb8 26.Nxf7 Rb1 27.N7g5 h6 28.Qa2+ Rb3
29.Rd8 Qb5+ 30.Kg2 c4 31.Ne6 Qc6 32.Nxg7 Kxg7 33.Qa7+ Rb7 34.Qd4+ Qf6 35.Rxe8  1-0

[Event "TCh-Eur Seniors"]
[Site "Dresden GER"]
[Date "2010.02.17"]
[Round "8"]
[White "Koskinen,V"]
[Black "Johansson,P"]
[Result "0-1"]
[WhiteElo "1990"]
[BlackElo "2008"]

1.Nf3 d5 2.g3 Nf6 3.Bg2 Bf5 4.d3 e6 5.O-O Be7 6.b3 h6 7.Bb2 O-O 8.Nbd2 Nbd7
9.Qe1 Bh7 10.e4 c6 11.Qe2 a5 12.a4 Nc5 13.Ne5 Nfd7 14.f4 Nxe5 15.fxe5 dxe4
16.d4 Na6 17.Nxe4 Nb4 18.c3 Nd5 19.c4 Nb4 20.Rad1 Qc7 21.Qg4 Kh8 22.Rd2 Bf5
23.Qe2 Rad8 24.g4 Bg6 25.Rf3 c5 26.Kh1 cxd4 27.Bxd4 Nc6 28.Bb2 Rxd2 29.Nxd2 Rd8
30.Nf1 Nd4 31.Bxd4 Rxd4 32.h3 Qd7 33.Rg3 Bg5 34.Bf3 b6 35.Bg2 Bd3 36.Qf3 Be4
37.Qe2 Bd3 38.Qf3 Rf4 39.Qa8+ Kh7 40.Nh2 Bh4 41.Rf3 Be4 42.Rxf4 Bxa8 43.Bxa8 Bg3
44.Rf3 Bxe5 45.Be4+ g6 46.Rd3 Qc7 47.Nf1 Bf4 48.Kg2 Qe5 49.Bf3 Qb2+ 50.Kg1 Kg7
51.Bd1 Be5 52.Nd2 Bd4+ 53.Kf1 e5  0-1